000 02660cam a2200313 4500
001 7291
005 20181127183327.0
008 030821s2003 maua b 101 0 eng
010 _a 2003060997
020 _a1402075502 (alk. paper)
082 0 0 _a338.947
_222
100 _aCampos, Nauro F.
_b
_c
_d
_eeditor
_q
245 0 0 _aPolitical economy of transition and development :
_binstitutions, politics, and policies /
_cedited by Nauro F. Campos and Jan Fidrmuc.
260 _aBoston :
_bKluwer Academic,
_cc2003.
300 _axii, 279 p. :
_bill. ;
_c25 cm.
440 0 _aZEI studies in European economics and law ;
_vv. 5
500 _aConference papers.
504 _aIncludes bibliographical references and index.
505 _a1 Evolution and Transition / Barry W. Ickes 1 -- 2 Interpretations of Transition / Arye L. Hillman 23 -- 3 The Relative Levels and the Character of Institutional Development in Transition Economies / Peter Murrell 41 -- 4 Transition and Developing Economies: Comparing the Quality of Governments / Gur Ofer 69 -- 5 Sectors, States, and the Paths of Post-Socialist Development / Bela Greskovits 97 -- 6 A Computational Political Economy Model of Transition / John E. Jackson 117 -- 7 Anatomy of Voting Behavior and Attitudes during Post- Communist Transition: Czech Republic 1990-98 / Orla Doyle, Jan Fidrmuc 139 -- 8 Enlargement and the European Parliament / Abdul Noury, Gerard Roland 165 -- 9 Economic Policy Doctrine and Political Regime / M. Steven Fish 183 -- 10 Postcommunist Corruption / Daniel Treisman 201 -- 11 The Extent and Determinants of the Stripping of Socialist Physical Capital in the Period of Social Transformation and Modernization of the Economic Structure / Nauro F. Campos, Francesco Giovannoni 227 -- 12 Social Capital and Economic Performance in Transition / Martin Raiser 245 -- 13 Human Capital, Growth and Inequality in Transition Economies / Michael Spagat 259.
_g
_r
_t
520 _aPolitical Economy of Transition and Development collects the proceedings of an international conference that brought the leading thinkers in this field to the Center for European Integration Studies of the University of Bonn in May, 2002.
650 0 _aMixed economy
_zEurope, Eastern
_vCongresses.
650 0 _aPost-communism
_xEconomic aspects
_zEurope, Eastern
_vCongresses.
651 0 _aEurope, Eastern
_xEconomic conditions
_y1989-
_vCongresses.
651 0 _aEurope, Eastern
_xEconomic policy
_y1989-
_vCongresses.
651 0 _aEurope, Eastern
_xPolitics and government
_y1989-
_vCongresses.
700 1 _aCampos, Nauro F.
700 1 _aFidrmuc, Jan.
999 _c6214
_d6214